Normal view
MARC view
- الدغلي ، محمد عبدالرحمن ، 1991
Entry Personal Name
001 - CONTROL NUMBER
- control field: 7918
003 - CONTROL NUMBER IDENTIFIER
- control field: JO-AjAnu
005 - DATE AND TIME OF LATEST TRANSACTION
- control field: 20230606071559.0
008 - FIXED-LENGTH DATA ELEMENTS
- fixed length control field: 230606|| aca||aabn | a|a d
040 ## - CATALOGING SOURCE
- Original cataloging agency: JO-AjAnu
- Transcribing agency: JO-AjAnu
100 ## - HEADING--PERSONAL NAME
- Personal name: الدغلي ، محمد عبدالرحمن ، 1991
670 ## - SOURCE DATA FOUND
- Source citation: Work cat.: (JO-AjAnu)4090: الدغلي ، محمد عبدالرحمن ، 1991, author, المبسط للمبادئ التقنية للمهن الهندسبة: فسم الالكترون، ج2